000 00416nam a22001577a 4500
003 macl
005 20241018161329.0
008 241018b |||||||| |||| 00| 0 eng d
040 _cmacl
082 _a540
100 _aDR.Narendra jha
_982533
245 _aMaster the NCERT for NEET/JEE Chemistry vol-1
260 _anew dehli
_bArihant publication
_c2024
650 _acomption book
_982517
942 _2ddc
_cC. BOOKS
999 _c67072
_d67072